Management information systems for the information age / (Record no. 11682)

000 -LEADER
fixed length control field 00676cam a22002054a 4500
020 ## - INTERNATIONAL STANDARD BOOK NUMBER
ISBN 0072935863 (alk. paper)
040 ## - CATALOGING SOURCE
Transcribing agency DLC
082 00 - DEWEY DECIMAL CLASSIFICATION NUMBER
Classification number 658 IRW 2005 A038 Or.
100 1# - MAIN ENTRY--AUTHOR NAME
Personal name Haag, Stephen.
245 10 - TITLE STATEMENT
Title Management information systems for the information age /
250 ## - EDITION STATEMENT
Edition statement 5th ed.
260 ## - PUBLICATION, DISTRIBUTION, ETC. (IMPRINT)
Place of publication Boston, Mass. :
Name of publisher McGraw-Hill Irwin,
Year of publication 2005.
300 ## - PHYSICAL DESCRIPTION
Number of Pages xxxiii, 554 p. :
Other physical details col. ill. ;
Dimensions 28 cm.
Accompanying material + 2 CD-ROMS (4 3/4 in.)
650 #0 - SUBJECT ADDED ENTRY--TOPICAL TERM
Topical Term Management information systems.
650 #0 - SUBJECT ADDED ENTRY--TOPICAL TERM
Topical Term Information technology.
700 1# - ADDED ENTRY--PERSONAL NAME
Personal name Cummings, Maeve.
700 1# - ADDED ENTRY--PERSONAL NAME
Personal name McCubbrey, Donald J.
856 41 - ELECTRONIC LOCATION AND ACCESS
Uniform Resource Identifier http://www.loc.gov/catdir/enhancements/fy0702/2004053851-t.html
942 ## - ADDED ENTRY ELEMENTS (KOHA)
Koha item type សៀវភៅភាសាអង់គ្លេស
952 ## - LOCATION AND ITEM INFORMATION (KOHA)
Withdrawn status [LOCAL, KOHA] 0
Holdings
Permanent Location Date acquired Koha item type Lost status Shelving location Barcode Current Location Full call number
Library Block A2017-08-04សៀវភៅភាសាអង់គ្លេស A038A13674Library Block A658 IRW 2005 A038 Or.
មជ្ឈមណ្ឌលឯការនៃសាកលវិទ្យាល័យភូមិន្ទកសិកម្មចំការដូង

Powered by Koha